| 000 | 00718nab a2200241 a 4500 | ||
|---|---|---|---|
| 005 | 20210219161855.0 | ||
| 008 | 991125s1985 mx 000 0 spa u | ||
| 035 | _aUPN01000193483 | ||
| 100 | 1 | _aMuñoz Hernàndez, Mario Humberto | |
| 100 | 1 | _ummunoz@economicas.udea.edu.co | |
| 222 | _aCONTADURIA Y ADMINISTRACION | ||
| 245 | _aComunicaciòn y productividad en pequeñas y medianas empresas de un cluster textil en Colombia | ||
| 260 | _aMèxico | ||
| 300 | _a223-244 | ||
| 362 | 0 | _a2012 Vol. 57, no. 2, abr.-jun. | |
| 653 | 0 | _aPEQUEÑA EMPRESA | |
| 653 | 0 | _aCOMUNICACION | |
| 653 | 0 | _aPRODUCTIVIDAD | |
| 653 | 0 | _aREUNIONES | |
| 653 | 0 | _aINDUSTRIA TEXTIL | |
| 653 | 0 | _aCOLOMBIA | |
| 905 | _aArticulo | ||
| 999 |
_c165584 _d165584 |
||